[Event "EU-ch Seniors 09th"]
[Site "Rogaska Slatina"]
[Date "2009.07.28"]
[Round "7"]
[White "Hocevar, Nikola"]
[Black "Kulago, Alexander"]
[Result "1/2-1/2"]
[WhiteElo "2110"]
[BlackElo "2144"]
[PlyCount "31"]
[EventDate "2009.07.22"]
[EventType "swiss"]
[EventRounds "9"]
[EventCountry "SLO"]
[SourceTitle "CBM 131 Extra"]
[Source "ChessBase"]
[SourceDate "2009.09.03"]
[SourceVersion "2"]
[SourceVersionDate "2009.09.16"]
[SourceQuality "1"]

1. c4 e6 2. Nc3 d5 3. d4 Nf6 4. e3 Nbd7 5. Nf3 c6 6. Bd3 dxc4 7. Bxc4 b5 8. Bd3 b4 9. Ne4 Nxe4 10. Bxe4 Bb7 11. 0-0 Bd6 12. b3 Nf6 13. Bd3 Nd5 14. Bb2 Qa5 15. Nd2 Qc7 16. h3 1/2-1/2

[Event "EU-ch Seniors 09th"]
[Site "Rogaska Slatina"]
[Date "2009.07.25"]
[Round "4"]
[White "Kulago, Alexander"]
[Black "Schwertel, Johann"]
[Result "1-0"]
[WhiteElo "2144"]
[BlackElo "2007"]
[PlyCount "129"]
[EventDate "2009.07.22"]
[EventType "swiss"]
[EventRounds "9"]
[EventCountry "SLO"]
[SourceTitle "CBM 131 Extra"]
[Source "ChessBase"]
[SourceDate "2009.09.03"]
[SourceVersion "2"]
[SourceVersionDate "2009.09.16"]
[SourceQuality "1"]

1. d4 d5 2. c4 c6 3. cxd5 Qxd5 4. Nc3 Qa5 5. Bf4 Nf6 6. Qd2 e6 7. e3 Bb4 8. Bd3 Nbd7 9. Nge2 Nd5 10. Bg3 N7f6 11. 0-0 0-0 12. e4 Nxc3 13. bxc3 Be7 14. f4 h6 15. Rad1 c5 16. Bb1 Bd7 17. Qd3 g6 18. Be1 c4 19. Qh3 Qh5 20. Qxh5 Nxh5 21. g4 Nf6 22. h3 h5 23. g5 Ne8 24. Bc2 Nd6 25. Rb1 b5 26. Bd2 Bc6 27. e5 Nf5 28. Kf2 a6 29. Bxf5 exf5 30. Rfd1 Be4 31. Ra1 a5 32. a3 Rfb8 33. Rdc1 Kf8 34. Ng3 Bd5 35. Nf1 Rd8 36. Ne3 Rab8 37. Rcb1 Ke8 38. a4 b4 39. Nxd5 Rxd5 40. cxb4 axb4 41. Ke3 Kd7 42. Rb2 Kc6 43. Rc1 b3 44. Rxc4+ Kd7 45. a5 Ba3 46. Rb1 b2 47. Bc3 Rb3 48. Kd3 Rxa5 49. Kc2 Rab5 50. d5 Rb7 51. d6 R3b5 52. Ra4 Bc5 53. Rxb2 Rxb2+ 54. Bxb2 Ra7 55. Rc4 Bb6 56. Bd4 Bxd4 57. Rxd4 Ra6 58. Rc4 Ra7 59. Kb3 Rb7+ 60. Ka4 Kd8 61. Rb4 Ra7+ 62. Kb3 Kd7 63. Rb8 Kc6 64. Kb4 Ra1 65. Rc8+ 1-0

[Event "EU-ch Seniors 09th"]
[Site "Rogaska Slatina"]
[Date "2009.07.23"]
[Round "2"]
[White "Kulago, Alexander"]
[Black "Nikolic, Stanko"]
[Result "0-1"]
[WhiteElo "2144"]
[BlackElo "1922"]
[PlyCount "70"]
[EventDate "2009.07.22"]
[EventType "swiss"]
[EventRounds "9"]
[EventCountry "SLO"]
[SourceTitle "CBM 131 Extra"]
[Source "ChessBase"]
[SourceDate "2009.09.03"]
[SourceVersion "2"]
[SourceVersionDate "2009.09.16"]
[SourceQuality "1"]

1. d4 d5 2. c4 e6 3. Nc3 c6 4. Nf3 Nf6 5. e3 Nbd7 6. Qc2 b6 7. Bd3 Bb7 8. 0-0 Qc7 9. b3 Bd6 10. e4 dxe4 11. Nxe4 Nxe4 12. Bxe4 Nf6 13. Ne5 Nxe4 14. Qxe4 0-0 15. Bf4 c5 16. Qe3 cxd4 17. Qxd4 f6 18. Ng6 e5 19. Qd3 hxg6 20. Be3 e4 21. Qc2 Bxh2+ 22. Kh1 Be5 23. Rac1 f5 24. c5 Qe7 25. g3 f4 26. Qc4+ Rf7 27. c6 Bc8 28. Bd2 Bf5 29. Kg2 f3+ 30. Kg1 Qc7 31. Kh2 Qe7 32. Rh1 Rd8 33. Be3 Bc7 34. b4 Rd3 35. b5 Rxe3 0-1

[Event "Tatry op"]
[Site "Tatranske Zruby"]
[Date "2008.10.02"]
[Round "7"]
[White "Urbanek, Stepan"]
[Black "Kulago, Alexander"]
[Result "1/2-1/2"]
[WhiteElo "2078"]
[BlackElo "2305"]
[PlyCount "45"]
[EventDate "2008.09.27"]
[EventType "swiss"]
[EventRounds "9"]
[EventCountry "SVK"]
[SourceTitle "CBM 126 Extra"]
[Source "ChessBase"]
[SourceDate "2008.11.05"]
[SourceVersion "1"]
[SourceVersionDate "2008.11.05"]
[SourceQuality "1"]

1. d4 d5 2. c4 c6 3. Nf3 Nf6 4. g3 Bf5 5. Nbd2 Nbd7 6. Bg2 e6 7. 0-0 Be7 8. b3 h6 9. Bb2 Ne4 10. Rc1 0-0 11. Nb1 Re8 12. Nfd2 Ndf6 13. Nxe4 Nxe4 14. f3 Nf6 15. Nd2 c5 16. e4 dxe4 17. Nxe4 Qc7 18. Nxc5 Bxc5 19. dxc5 Qxc5+ 20. Qd4 Qa5 21. Qc3 Qc5+ 22. Qd4 Qa5 23. Qc3 1/2-1/2

[Event "Tatry op"]
[Site "Tatranske Zruby"]
[Date "2008.10.01"]
[Round "6"]
[White "Kulago, Alexander"]
[Black "Hladik, Lumir"]
[Result "1/2-1/2"]
[WhiteElo "2305"]
[BlackElo "2061"]
[PlyCount "118"]
[EventDate "2008.09.27"]
[EventType "swiss"]
[EventRounds "9"]
[EventCountry "SVK"]
[SourceTitle "CBM 126 Extra"]
[Source "ChessBase"]
[SourceDate "2008.11.05"]
[SourceVersion "1"]
[SourceVersionDate "2008.11.05"]
[SourceQuality "1"]

1. Nf3 Nf6 2. c4 c5 3. Nc3 Nc6 4. d4 cxd4 5. Nxd4 g6 6. e4 d6 7. Be2 Bg7 8. Be3 0-0 9. f3 a6 10. 0-0 Bd7 11. Rc1 Rc8 12. b3 Qa5 13. Qd2 Rfe8 14. Rfd1 Nxd4 15. Bxd4 Bc6 16. Kh1 Nd7 17. Bxg7 Kxg7 18. Qd4+ f6 19. f4 Qc5 20. Qd2 Qb4 21. Bg4 Rcd8 22. Be6 Nc5 23. Bd5 e6 24. Bxc6 bxc6 25. g4 e5 26. f5 g5 27. Kg2 a5 28. Kf3 a4 29. Nxa4 Qxd2 30. Rxd2 Nxa4 31. bxa4 Re7 32. Rcd1 Ra8 33. Rxd6 Rxa4 34. Rxc6 Rxa2 35. Rcd6 Rc2 36. Rd7 Kf7 37. Rxe7+ Kxe7 38. Ra1 Rc3+ 39. Ke2 Rxc4 40. Ra7+ Kd6 41. Kd3 Rd4+ 42. Ke3 Rb4 43. Ra6+ Kc5 44. Rxf6 Rb3+ 45. Ke2 Kd4 46. Rh6 Kxe4 47. Rxh7 Rb2+ 48. Kd1 Rb6 49. Rg7 Kf4 50. Rg6 Rb7 51. h3 Rh7 52. f6 Rf7 53. h4 gxh4 54. g5 Kf5 55. Rg7 Ke6 56. Rg8 h3 57. Rh8 Kf5 58. Rxh3 Kxg5 59. Rg3+ Kh4 1/2-1/2

[Event "EU-ch Seniors 08th"]
[Site "Davos"]
[Date "2008.08.11"]
[Round "3"]
[White "Kulago, Alexander"]
[Black "Hicker, Harald"]
[Result "1-0"]
[WhiteElo "2305"]
[BlackElo "2099"]
[PlyCount "57"]
[EventDate "2008.08.09"]
[EventType "swiss"]
[EventRounds "9"]
[EventCountry "SUI"]
[SourceTitle "CBM 126 Extra"]
[Source "ChessBase"]
[SourceDate "2008.11.05"]
[SourceVersion "1"]
[SourceVersionDate "2008.11.05"]
[SourceQuality "1"]

1. Nf3 Nf6 2. d4 d5 3. c4 e6 4. Nc3 Be7 5. Bf4 0-0 6. e3 a6 7. c5 Nc6 8. a3 Nh5 9. Bd3 Nxf4 10. exf4 Bf6 11. Ne2 a5 12. 0-0 Bd7 13. Ne5 Bxe5 14. fxe5 f6 15. f4 fxe5 16. dxe5 Qe7 17. Rc1 b6 18. cxb6 cxb6 19. Qb3 Rab8 20. Rf3 g6 21. Rg3 Rfc8 22. Rf1 Qc5+ 23. Kh1 Nd4 24. Nxd4 Qxd4 25. Bxg6 hxg6 26. Rxg6+ Kf7 27. Qg3 Rf8 28. Rf6+ Ke8 29. Qg6+ 1-0

[Event "Gibraltar Masters 6th"]
[Site "Gibraltar"]
[Date "2008.01.28"]
[Round "7"]
[White "Getz, Nicolai"]
[Black "Kulago, Alexander"]
[Result "0-1"]
[WhiteElo "2019"]
[BlackElo "2206"]
[PlyCount "68"]
[EventDate "2008.01.22"]
[EventType "swiss"]
[EventRounds "10"]
[EventCountry "ENG"]
[SourceTitle "CBM 122 Extra"]
[Source "ChessBase"]
[SourceDate "2008.03.04"]
[SourceVersion "1"]
[SourceVersionDate "2008.03.04"]
[SourceQuality "1"]

1. e4 e5 2. Nf3 Nc6 3. Bc4 Nf6 4. d3 Be7 5. 0-0 0-0 6. Bb3 d6 7. c3 h6 8. Nbd2 Nh7 9. Re1 Ng5 10. Nxg5 Bxg5 11. Nf1 Bxc1 12. Rxc1 Kh8 13. Ne3 f5 14. exf5 Bxf5 15. Nxf5 Rxf5 16. Re3 Qh4 17. Qe2 Raf8 18. Rf1 Nd8 19. Rh3 Qf6 20. Qe3 c6 21. d4 exd4 22. cxd4 Rf4 23. d5 Qxb2 24. dxc6 Nxc6 25. Rh5 Qd4 26. Qh3 R4f6 27. Rh4 Qd2 28. f4 Nd4 29. Rd1 Qe2 30. Rf1 Nf5 31. Rh5 Ne3 32. Rc1 Qd2 33. Rb1 Qd4 34. Kh1 Qxf4 0-1

[Event "Gibraltar Masters 6th"]
[Site "Gibraltar"]
[Date "2008.01.23"]
[Round "2"]
[White "Kulago, Alexander"]
[Black "Kuenitz, Klaus"]
[Result "0-1"]
[WhiteElo "2206"]
[BlackElo "1645"]
[PlyCount "62"]
[EventDate "2008.01.22"]
[EventType "swiss"]
[EventRounds "10"]
[EventCountry "ENG"]
[SourceTitle "CBM 122 Extra"]
[Source "ChessBase"]
[SourceDate "2008.03.04"]
[SourceVersion "1"]
[SourceVersionDate "2008.03.04"]
[SourceQuality "1"]

1. Nf3 f5 2. d4 g6 3. g3 Nf6 4. Bg2 Bg7 5. 0-0 0-0 6. c4 d6 7. Nc3 Qe8 8. d5 Na6 9. Nd4 Nc5 10. b4 Nce4 11. Nxe4 Nxe4 12. Bb2 c5 13. dxc6 bxc6 14. Qc2 Rb8 15. f3 Ng5 16. h4 Nf7 17. Bc3 e5 18. Nb3 Qe7 19. f4 Bd7 20. e4 Bh6 21. exf5 Bxf5 22. Be4 Bh3 23. Rfe1 exf4 24. Nd4 fxg3 25. Nxc6 Qxh4 26. Bxg6 Bg7 27. Ne7+ Kh8 28. Bxg7+ Kxg7 29. Re4 Qf6 30. Bh5 Qxa1+ 31. Bd1 Qf6 0-1

[Event "Gibraltar Masters 6th"]
[Site "Gibraltar"]
[Date "2008.01.22"]
[Round "1"]
[White "Berczes, David"]
[Black "Kulago, Alexander"]
[Result "1-0"]
[WhiteElo "2429"]
[BlackElo "2206"]
[PlyCount "43"]
[EventDate "2008.01.22"]
[EventType "swiss"]
[EventRounds "10"]
[EventCountry "ENG"]
[SourceTitle "CBM 122 Extra"]
[Source "ChessBase"]
[SourceDate "2008.03.04"]
[SourceVersion "1"]
[SourceVersionDate "2008.03.04"]
[SourceQuality "1"]

1. d4 d5 2. c4 e6 3. Nc3 Nf6 4. cxd5 exd5 5. Bg5 c6 6. e3 Be7 7. Bd3 Nbd7 8. Nf3 Nh5 9. Bxe7 Qxe7 10. 0-0 Nb6 11. Rb1 g6 12. b4 Be6 13. b5 c5 14. e4 Nf4 15. Bc2 0-0-0 16. Qc1 Qc7 17. dxc5 Qxc5 18. Qxf4 Qxc3 19. Rfc1 Qc7 20. Bb3 Nc4 21. Qxc7+ Kxc7 22. exd5 1-0

[Event "Tatry op"]
[Site "Tatranske Zruby"]
[Date "2007.09.27"]
[Round "7"]
[White "Kulago, Alexander"]
[Black "Novak, Jaromir"]
[Result "1-0"]
[WhiteElo "2146"]
[BlackElo "2013"]
[PlyCount "114"]
[EventDate "2007.09.22"]
[EventType "swiss"]
[EventRounds "9"]
[EventCountry "SVK"]
[SourceTitle "CBM 120 Extra"]
[Source "ChessBase"]
[SourceDate "2007.11.01"]
[SourceVersion "1"]
[SourceVersionDate "2007.11.01"]
[SourceQuality "1"]

1. d4 Nf6 2. Nf3 g6 3. g3 Bg7 4. Bg2 0-0 5. 0-0 d6 6. c4 Nbd7 7. Nc3 e5 8. e4 c6 9. h3 Qc7 10. Be3 Re8 11. Re1 b6 12. Rc1 Bb7 13. b4 a5 14. b5 exd4 15. Nxd4 c5 16. Nc6 Ne5 17. Nd5 Nxd5 18. exd5 f5 19. Bf4 Nf7 20. Qd2 Qd7 21. h4 Rxe1+ 22. Rxe1 Re8 23. Re6 Bc8 24. a4 Kf8 25. Re3 Rxe3 26. Qxe3 Bf6 27. Bf3 Qc7 28. Kf1 Qd7 29. Bg2 Qc7 30. Bf3 Qd7 31. Be2 Qe8 32. Bh6+ Nxh6 33. Qxh6+ Kg8 34. h5 Bd7 35. hxg6 Qxg6 36. Qf4 Bg5 37. Qf3 Qf6 38. Bd3 h6 39. Kg2 Qf7 40. Qe2 f4 41. g4 Qe8 42. Qxe8+ Bxe8 43. Bf5 h5 44. f3 hxg4 45. fxg4 Kg7 46. Na7 Bd8 47. Nc8 Bc7 48. Kf3 Bf7 49. Kxf4 Be8 50. Ne7 Bf7 51. Be6 Be8 52. Nf5+ Kg6 53. Bg8 Bd7 54. Be6 Be8 55. g5 Bb8 56. Ne7+ Kg7 57. Nc8 Bc7 1-0

[Event "Arctic Chess Challenge"]
[Site "Tromsoe"]
[Date "2007.08.12"]
[Round "9"]
[White "Lahlum, Hans Olav"]
[Black "Kulago, Alexander"]
[Result "1/2-1/2"]
[WhiteElo "2214"]
[BlackElo "2146"]
[PlyCount "23"]
[EventDate "2007.08.04"]
[EventType "swiss"]
[EventRounds "9"]
[EventCountry "NOR"]
[SourceTitle "CBM 119 Extra"]
[Source "ChessBase"]
[SourceDate "2007.09.04"]
[SourceVersion "1"]
[SourceVersionDate "2007.09.04"]
[SourceQuality "1"]

1. d4 d5 2. c4 e6 3. Nf3 Nf6 4. Nc3 c6 5. e3 Nbd7 6. Bd3 dxc4 7. Bxc4 b5 8. Bd3 a6 9. e4 c5 10. d5 c4 11. Bc2 e5 12. 0-0 1/2-1/2

[Event "San Sebastian op 30th"]
[Site "San Sebastian"]
[Date "2007.04.08"]
[Round "9"]
[White "Kulago, Alexander"]
[Black "Garay Lenne, Luis Maria"]
[Result "1-0"]
[WhiteElo "2143"]
[BlackElo "1984"]
[PlyCount "77"]
[EventDate "2007.04.01"]
[EventType "swiss"]
[EventRounds "9"]
[EventCountry "ESP"]
[SourceTitle "CBM 117 Extra"]
[Source "ChessBase"]
[SourceDate "2007.05.09"]
[SourceVersion "1"]
[SourceVersionDate "2007.05.09"]
[SourceQuality "1"]

1. Nf3 Nf6 2. c4 e6 3. Nc3 b6 4. g3 Bb7 5. Bg2 Be7 6. 0-0 0-0 7. b3 d6 8. d4 c5 9. Re1 Nbd7 10. e4 Ne8 11. dxc5 Nxc5 12. Bb2 a5 13. Qd2 Nf6 14. Nd4 Qc8 15. Rad1 Rd8 16. Qe2 Bf8 17. h3 Ra6 18. Rd2 Ba8 19. Ndb5 Ne8 20. Red1 Bc6 21. e5 Bxg2 22. Kxg2 Nb7 23. exd6 Nexd6 24. Nxd6 Rxd6 25. Nb5 Rxd2 26. Rxd2 a4 27. Qd1 axb3 28. axb3 Ra8 29. Be5 Qc6+ 30. Kh2 h6 31. Bf4 Be7 32. Be3 Bf6 33. Qh1 Qxh1+ 34. Kxh1 Na5 35. Bxb6 Nxb3 36. Rc2 Be7 37. c5 Bd8 38. Bxd8 Rxd8 39. c6 1-0

[Event "San Sebastian op 30th"]
[Site "San Sebastian"]
[Date "2007.04.05"]
[Round "6"]
[White "Aabling Thomsen, Jakob"]
[Black "Kulago, Alexander"]
[Result "1-0"]
[WhiteElo "2267"]
[BlackElo "2143"]
[PlyCount "65"]
[EventDate "2007.04.01"]
[EventType "swiss"]
[EventRounds "9"]
[EventCountry "ESP"]
[SourceTitle "CBM 117 Extra"]
[Source "ChessBase"]
[SourceDate "2007.05.09"]
[SourceVersion "1"]
[SourceVersionDate "2007.05.09"]
[SourceQuality "1"]

1. e4 e5 2. f4 d5 3. exd5 c6 4. Nc3 exf4 5. Nf3 Bd6 6. d4 Ne7 7. dxc6 Nbxc6 8. Bc4 Bf5 9. 0-0 Nb4 10. Bb3 0-0 11. Ng5 Qb6 12. Bxf4 Rad8 13. Kh1 Bxf4 14. Rxf4 Qg6 15. Nf3 Bxc2 16. Qe2 Bxb3 17. axb3 Nec6 18. Re4 a6 19. Rf1 Nd5 20. Nh4 Qg5 21. Rg4 Qe7 22. Rxg7+ Kxg7 23. Nf5+ Kh8 24. Nxe7 Ncxe7 25. Ne4 f5 26. Ng5 Ng6 27. Qh5 Rd7 28. g3 Ne3 29. Re1 Re8 30. Nxh7 Rxh7 31. Qxg6 Ree7 32. Qf6+ Kg8 33. Rxe3 1-0

[Event "San Sebastian op 30th"]
[Site "San Sebastian"]
[Date "2007.04.01"]
[Round "1"]
[White "Kulago, Alexander"]
[Black "Izagirre Alsua, Aritz"]
[Result "1-0"]
[WhiteElo "2143"]
[BlackElo "1709"]
[PlyCount "89"]
[EventDate "2007.04.01"]
[EventType "swiss"]
[EventRounds "9"]
[EventCountry "ESP"]
[SourceTitle "CBM 117 Extra"]
[Source "ChessBase"]
[SourceDate "2007.05.09"]
[SourceVersion "1"]
[SourceVersionDate "2007.05.09"]
[SourceQuality "1"]

1. Nf3 Nf6 2. c4 d6 3. d4 Na6 4. g3 c6 5. Bg2 e6 6. 0-0 Be7 7. Nc3 d5 8. c5 b6 9. Ne5 Bb7 10. Qa4 Qc8 11. b4 Nb8 12. Rb1 0-0 13. a3 Nfd7 14. f4 Re8 15. e4 b5 16. Qc2 Nf6 17. g4 Rf8 18. g5 Ne8 19. f5 Qd8 20. h4 a6 21. Be3 a5 22. Ne2 axb4 23. axb4 Bc8 24. Ng3 f6 25. Nf3 dxe4 26. Qxe4 Nc7 27. gxf6 Bxf6 28. Ng5 exf5 29. Nxf5 Bxf5 30. Rxf5 g6 31. Rf2 Re8 32. Qf4 Rf8 33. Qg4 Qe7 34. Ne4 Nd5 35. Bg5 Nd7 36. Nxf6+ N7xf6 37. Qg3 Rf7 38. Rbf1 Raf8 39. Bh6 Re8 40. Bxd5 cxd5 41. Qg5 Ne4 42. Rxf7 Qxf7 43. Rxf7 Nxg5 44. Rg7+ Kh8 45. hxg5 1-0

[Event "Hastings Masters op 82nd"]
[Site "Hastings"]
[Date "2006.12.30"]
[Round "3"]
[White "Neverov, Valeriy"]
[Black "Kulago, Alexander"]
[Result "1-0"]
[WhiteElo "2538"]
[BlackElo "2114"]
[PlyCount "97"]
[EventDate "2006.12.28"]
[EventType "swiss"]
[EventRounds "9"]
[EventCountry "ENG"]
[SourceTitle "CBM 116 Extra"]
[Source "ChessBase"]
[SourceDate "2007.03.07"]
[SourceVersion "1"]
[SourceVersionDate "2007.03.07"]
[SourceQuality "1"]

1. e4 e5 2. Nf3 Nc6 3. Bb5 g6 4. d4 exd4 5. Bg5 Be7 6. Bxe7 Ngxe7 7. Nxd4 d5 8. Nc3 dxe4 9. Nxe4 0-0 10. Bxc6 Nxc6 11. Nxc6 Qxd1+ 12. Rxd1 bxc6 13. Kd2 Bf5 14. Rhe1 Rfd8+ 15. Kc1 Rxd1+ 16. Kxd1 Rd8+ 17. Nd2 Kf8 18. Re3 Bg4+ 19. f3 Bc8 20. Ra3 a6 21. Rc3 Rd6 22. Ke2 Bf5 23. Nc4 Rf6 24. Ne3 Bc8 25. Rc5 Ke7 26. c3 Kd6 27. b4 Ke7 28. Nc2 h5 29. Nd4 Bd7 30. Ke3 Rd6 31. Ra5 Bc8 32. Re5+ Kf8 33. h4 f6 34. Rc5 Bd7 35. Ra5 Bc8 36. c4 Ke7 37. c5 Rd5 38. Nxc6+ Kd7 39. Nb8+ Kd8 40. Nxa6 Re5+ 41. Kf2 Rd5 42. Nb8 Rd2+ 43. Kg1 g5 44. hxg5 fxg5 45. Nc6+ Kd7 46. Na7 g4 47. fxg4 hxg4 48. b5 Kd8 49. Nxc8 1-0